000 00756nam a2200217Ii 4500
003 JO-AjNU
008 230605s9999||||xx |||||||||||||| ||und||
017 _a2001/14342
020 _a977-282-102-8
040 _aJO-AjNU
_bara
_erda
_cJO-AjNU
041 _aara
050 1 4 _aQA76.73 2001
100 3 _aهيوبارد، جون؛ ترجمة محمد ابراهيم العدوى ، هشام عبد المنعم كشك ,
_eauthor
_931164
245 0 0 _aالبرمجة باستخدام c++منهج دراسي مكثف
264 3 1 _aالقاهرة:الدار الدولية ، 2001
300 _a213ص
336 _atext
_btxt
_2rdacontent
337 _aunmediated
_bn
_2rdamedia
338 _avolume
_bnc
_2rdacarrier
650 4 _aالبرمجة
_931165
999 _aA12435
_c16003
_d16003